00331nam a2200121Ia 4500008004100000041000800041082001600049100002200065245005300087260003700140300002500177365000700202240624s9999 xx 000 0 und d aeng a005.133 GOT aGOTTFRIED BYRON S aSCHAUM S OUTLINES OF THEORY AND PROBLEMS OF PROG c2004aNew DelhibTata McGrawhill aix, : 325 : cm. ; 27 cRS